|
|
|
|
| LEADER |
00635nta a2200169 i 4500 |
| 001 |
dipl83448 |
| 005 |
20200403082425.0 |
| 008 |
200330s2009 hu om 0|| zxx d |
| 040 |
|
|
|a SZTE Diploma Repozitórium
|b hun
|
| 041 |
|
|
|a zxx
|
| 100 |
1 |
|
|a Varga Krisztina
|
| 245 |
1 |
0 |
|a Természetvédelem a vadászati jog tükrében
|h [elektronikus dokumentum] /
|c Krisztina Varga
|
| 246 |
1 |
0 |
|a Conservation in terms of sporting rights
|h [elektronikus dokumentum]
|
| 260 |
|
|
|c 2009
|
| 650 |
|
4 |
|a Jogi és igazgatási tanulmányok
|
| 700 |
1 |
|
|a Bezdán Anikó
|e ths
|
| 856 |
4 |
0 |
|u http://diploma.bibl.u-szeged.hu/id/eprint/83448/1/SZD_JOG_VAKK.pdf
|z Dokumentum-elérés
|